Bloons Tower Defence Tower quiz - Statistics

General Stats
  • This quiz has been taken 92 times
  • The average score is 22 of 54
Answer Stats
Tower Type Answer % Correct
Primary Dart Monkey
92%
Primary Boomerang Monkey
80%
Primary Tack Shooter
79%
Primary Ice Monkey
78%
Military Sniper Monkey
74%
Support Banana Farm
72%
Primary Glue Gunner
72%
Primary Bomb Shooter
71%
Support Spike Factory
71%
Magic Super Monkey
70%
Magic Ninja Monkey
68%
Military Monkey Sub
67%
Military Monkey Ace
64%
Military Monkey Buccaneer
64%
Support Monkey Village
64%
Magic Wizard Monkey
64%
Hero Quincy
63%
Military Dartling Gunner
62%
Military Heli Pilot
62%
Magic Alchemist
59%
Magic Druid
58%
Support Engineer Monkey
57%
Military Mortar Monkey
57%
Hero Adora
53%
Hero Obyn Greenfoot
46%
Hero Gwendolin
45%
Hero Striker Jones
45%
Hero Benjamin
43%
Hero Ezili
43%
Hero Pat Fusty
43%
Hero Captain Churchill
41%
Road Item Road Spikes
38%
BTD Battles Tower COBRA
33%
BTD5 Tower Bloonchipper
32%
Hero Etienne
30%
Special Agent Super Monkey Storm
20%
Special Agent Beekeeper
17%
BTD 3 Tower Spike O Pult
17%
Road Item Exploding Pineapples
16%
Road Item Monkey Glue
16%
BTD 4 Tower Monkey Beacon
14%
Powers Monkey Farmer
13%
Special Agent Pontoon
11%
Special Agent Portable Lake
11%
BTD 5 Mission Wizard Lord
9%
Special Agent Tribal Turtle
8%
Special Agent Bloonberry Bush
7%
Special Agent Meerkat Spy
7%
Special Agent Angry Squirrel
5%
Special Agent Bloonsday Device
5%
Special Agent Mad Snowman
3%
Special Agent Watermellon Spitter
3%
Hero Admiral Brickfell
1%
Special Agent Radactyl
1%
No matching quizzes found
Score Distribution
Percent of People with Each Score
Percentile by Number Answered
Your Score History
You have not taken this quiz